=LDR 00000nam 2200000 4500 =001 NUTBA000000000001319 =005 20140422111114.0 =006 =007 =008 =020 ##$$a 979-3064-01-3 =035 ##$$a 0010-041400000000589 =082 ##$$a 338.9 =090 ##$$a 338.9 Sad b =100 ##$$a M. Sadli =245 ##$$a Bila Kapal Punya Dua Nakhoda $b Esai-Esai Ekonomi-Politik Masa Transisi =250 ##$$a cet.I =260 ##$$a Jakarta $b Alvabet $c 2002 =300 ##$$a x, 252 hlm $c 14,5 cm =990 ##$$a 94652/BPAP-NTB/2014